| 000 | 00847nas a2200253 4500 | ||
|---|---|---|---|
| 001 | BR0104894 | ||
| 003 | BR-BrBNA | ||
| 005 | 20231205102510.0 | ||
| 007 | ta | ||
| 008 | 230509b bl.|||p| |||| 00| 00por d | ||
| 040 |
_aBR-BrBNA _bpor _cBiblioteca Nacional de Agricultura |
||
| 041 | _a(Pt) | ||
| 072 | _aL70 | ||
| 100 | 1 | _aVincenzi, R.C. | |
| 100 | 1 | _aLarsson, M.H.M.A. | |
| 100 | 1 | _aFernandes, W.R. | |
| 245 | 1 | _aParametros eletrocardiograficos em equinos clinicamente normais da raca Mangalarga; Parte 3: amplitude e duracao dos complexos e intervalos | |
| 650 | _aEquino | ||
| 650 | _aEletrocardiograma | ||
| 650 | _aVeterinaria | ||
| 773 | 0 |
_tRevista Brasileira de Medicina Veterinaria (Brazil) _xISSN 0100-2430 _g(Sep-Oct 2000), v. 22(5) p. 194-198 _wBR0104894 |
|
| 909 |
_a202311 _bLúcia _c55 _dLúcia Elande |
||
| 942 |
_2AGRIS _n0 _cANA |
||
| 999 |
_c167872 _d167872 |
||